El gobierno de Nueva York según W. T. Stead director de la Review of Review

Detalles Bibliográficos
Formato: Libro
Lenguaje:Spanish
Publicado: Madrid : La España Moderna, Cuesta de Santo Domingo, 16, 18--
Serie editorial:Biblioteca de Jurisprudencia, Filosofía e Historia
Materias:
Colección:Banco de datos
Acervo:Universidad Autónoma Benito Juárez de Oaxaca. Biblioteca Francisco de Burgoa. Colección histórica
Descripción Física:148 p., [1] h., 9 p. ; 22 cm.
Tema general:Política
Notas:Portada tipográfica con pleca. Texto a renglón seguido con paginación en números arábigos y cornisas. Propiedad intelectual: Establecimiento Tipográfico de Idamor Moreno, calle Blasco de Garay, 9. Encuadernación en papel. Ex libris manuscrito en la portada: "Meso. Mayo 31 de 1899. Al Dr. Aurelio Valdivieso con el afecto de un amigo. E. Cervantes". Daños en la encuadernación, libro dividido en dos partes
LEADER 01241nam a22001810004500
035 |a 5356 
041 0 |a spa 
245 1 0 |a El gobierno de Nueva York según W. T. Stead director de la Review of Review 
260 |a Madrid : La España Moderna, Cuesta de Santo Domingo, 16, 18-- 
300 |a 148 p., [1] h., 9 p. ; 22 cm.  
440 0 |a Biblioteca de Jurisprudencia, Filosofía e Historia 
500 |a Portada tipográfica con pleca. Texto a renglón seguido con paginación en números arábigos y cornisas. Propiedad intelectual: Establecimiento Tipográfico de Idamor Moreno, calle Blasco de Garay, 9. Encuadernación en papel. Ex libris manuscrito en la portada: "Meso. Mayo 31 de 1899. Al Dr. Aurelio Valdivieso con el afecto de un amigo. E. Cervantes". Daños en la encuadernación, libro dividido en dos partes 
504 |a Al final de la obra están el índice de contenido y el catálogo de publicaciones en venta de la casa impresora 
650 1 0 |a Política 
852 |a Universidad Autónoma "Benito Juárez" de Oaxaca, Biblioteca Francisco de Burgoa, Colección histórica 24509 
942 |c BURHIS 
943 |g Universidad Autónoma Benito Juárez de Oaxaca. Biblioteca Francisco de Burgoa. Colección histórica 
999 |c 1124199  |d 1124199